000 00320nam a22001337a 4500
008 170225b xxu||||| |||| 00| 0 eng d
020 _a9781418051709
041 _aeng
080 _23RD
_a617
100 _a5
101 _aSHK
245 _aSURGICAL TECHNOLOGY FOR THE SURGICAL TECHNOLOGIST
_cGRAFFT, D
942 _2udc
_cBK
999 _c6241
_d6241